000 00473 a2200169 4500
001 191496
020 _a978-85-16-04341-X
040 _cMagnum
100 _aMc Donald, Megan
240 1 0 _aJudy moody judy de bom humor judy de mau humor sempre judy mody
_lpor
245 1 0 _aJudy moody judy de bom humor judy de mau humor sempre judy mody
300 _a183
362 0 _a2004
440 1 _aSalamandra
697 _aLITERATURA INFANTO-JUVENIL ESTRANGEIRA
942 _cBK
999 _c191496
_d191496